000 01140cad a22003015a 4500
001 E151793
008 101213s2010 xxk f 100 0 eng d
020 _a9781842196199
035 _a(Sirsi) u151793
041 0 _aeng
100 1 _aAl-Tamimi, A.
111 2 _aConstruction and Building Research Conference
_cDauphine Universite, Paris
_d2-3 September 2010
245 0 0 _aEffect of CFRP wrapping and elevated temperature on concrete compression members
_h[electronic resource]
260 _aLondon
_bRICS
_c2010
520 _aA paper presented at the COBRA Conference in Paris on 2-3 September 2010.
590 _aKA
650 2 4 _aCONSTRUCTION AND BUILDING RESEARCH CONFERENCE (COBRA)
651 4 _aInternational
690 _aBUILT ENVIRONMENT-BUILDING MATERIALS-CEMENTITIOUS, CONCRETE AND MINERAL BOUND MATERIALS-CONCRETE
700 1 _aAbdalla, J.
700 1 _aHaweeleh, R.
700 1 _aZebian, B.
700 1 _aMostafa, A.
700 1 _aAbood, M.
700 1 _aSaeed, A. R.
856 4 0 _uhttps://www.rics.org/site/scripts/download_info.aspx?fileID=7763&categoryID=720
_zBroken link - not available
942 _n0
999 _c111627
_d111627